000 00445nam a2200193Ia 4500
008 210210b1947 xxu||||| |||| 00| 0 eng d
041 _aeng
082 _a954/253
100 _aMOON (P)
245 _aWarren hastings and British India
260 _aLondon
_bHodder & Stoughton
_c1947
650 _aWarren
650 _aIndia
650 _ahastings
650 _aBritish
650 _aand
690 _aIndian History
906 _a026010
999 _c151935
_d151935